[Event "Treviso TWE op-B 30th"]
[Site "Treviso"]
[Date "2006.12.10"]
[Round "4.17"]
[White "Caruso, Gaetano"]
[Black "Patuelli, Matteo"]
[Result "0-1"]
[WhiteElo "1580"]
[BlackElo "1386"]
[PlyCount "64"]
[EventDate "2006.12.08"]
[EventType "swiss"]
[EventRounds "5"]
[EventCountry "ITA"]
[SourceTitle "EXT 2024"]
[Source "ChessBase"]
[SourceDate "2023.10.10"]
[SourceVersion "1"]
[SourceVersionDate "2023.10.10"]
[SourceQuality "1"]

1. d4 Nf6 2. c4 g6 3. Nc3 Bg7 4. e4 d6 5. Nf3 0-0 6. Be2 e5 7. d5 Nbd7 8. Be3 Nc5 9. Qc2 c6 10. b4 Na6 11. a3 Ng4 12. Bd2 f5 13. h3 Nf6 14. 0-0-0 fxe4 15. Nxe4 Bf5 16. Bd3 Nxe4 17. Bxe4 Rc8 18. g4 Bxe4 19. Qxe4 Nc7 20. Kb1 cxd5 21. cxd5 Nb5 22. Ka2 Nc3+ 23. Bxc3 Rxc3 24. Rd3 Rc2+ 25. Kb3 Qc7 26. Nd2 Rxf2 27. Rd1 Rf4 28. Qe3 e4 29. Nxe4 Rb2+ 30. Ka4 b5+ 31. Kxb5 Rxe4 32. Qxe4 Qb6+ 0-1

[Event "Treviso TWE op-B 30th"]
[Site "Treviso"]
[Date "2006.12.08"]
[Round "1.19"]
[White "De Marchi, Alessandro"]
[Black "Patuelli, Matteo"]
[Result "0-1"]
[WhiteElo "1570"]
[BlackElo "1386"]
[PlyCount "41"]
[EventDate "2006.12.08"]
[EventType "swiss"]
[EventRounds "5"]
[EventCountry "ITA"]
[SourceTitle "EXT 2024"]
[Source "ChessBase"]
[SourceDate "2023.10.10"]
[SourceVersion "1"]
[SourceVersionDate "2023.10.10"]
[SourceQuality "1"]

1. d4 Nf6 2. c4 g6 3. Nc3 Bg7 4. Nf3 d6 5. g3 0-0 6. Bg2 Nbd7 7. e4 e5 8. 0-0 c6 9. h3 Re8 10. Re1 Nb6 11. dxe5 dxe5 12. Qxd8 Rxd8 13. Nxe5 Nh5 14. c5 Bxe5 15. cxb6 axb6 16. Be3 b5 17. Bb6 Rd2 18. g4 Nf4 19. Red1 Re2 20. Rd8+ Kg7 21. Nd1 0-1